00526 2200193 4500001002100000005001700021008004100038035002400079082001100103090001800114100001900132245006100151260003300212300002600245500001100271650002700282852001200309990001100321YOGYA-0512000000080320120529204113.0 ind  0010-051200000000803 a757.08 a757.08bBie K aBIEHAHN, Erich aKunstwerke der deutsehen staatbibliothek / Erich Biehahn aBerlinbHenschelverlagc1962 a135 hlm.bilusc21 cm aIndeks aSeni lukis-bibliografi aYOPDYOG a2120-f